000 00660nam a2200241Ia 4500
003 OSt
005 20220916111039.0
006 a|||||r|||| 00| 0
007 ta
008 220915b |||||||| |||| 00| 0 eng d
024 _a230727
037 _cTextbook
040 _beng
_aARTS
_cARTS
041 _aeng
082 _aV641:1:N5, 122H6(906)
100 _aDehoux Emile
245 0 _aLe Probleme de Demain : L'Effort de paix du Congo Belge
260 _aCoudenberg
_bRobert Stoops.Editeur
300 _a399p.
_ccm.
650 _aHISTORY
942 _hV641:1:N5, 122H6(906)
_cTB
_2CC
999 _c104495
_d104495